000 00914nam a2200217Ii 4500
003 JO-AjNU
008 230605s9999||||xx |||||||||||||| ||und||
040 _aJO-AjNU
_bara
_erda
_cJO-AjNU
041 _aara
050 1 4 _aBP173.7.A68 2006
100 3 _aعارف، نصر محمد,
_eauthor
_952547
245 0 0 _aنظريات التنمية السياسية المعاصرة : دراسة نقدية مقارنة في ضوء المنظور الحضاري الإسلامي
250 _aط4
264 3 1 _aبيروت: المعهد العالمي للفكر الاسلامي، 2006
300 _a481ص
_bالفهارس ص427-445 ؛ قائمة المراجع ص 447-481
336 _atext
_btxt
_2rdacontent
337 _aunmediated
_bn
_2rdamedia
338 _avolume
_bnc
_2rdacarrier
490 0 _aسلسلة الرسائل الجامعية 6
650 4 _aالنظام السياسي في الاسلام
_952548
999 _aA23284
_c26852
_d26852